000
00290nam a22001097a 4500
082
_a
004/CHH
100
_a
Chhibbar,Ashish
_9
83924
245
_a
Navigating The Indian Cyberspace Maze Guide for Policymakers
260
_a
New Delhi
_b
KW Publishers
_c
2020
650
_a
Computer
942
_c
BK
999
_c
68932
_d
68932